Historia de la Revolución mexicana /

Bibliographic Details
Main Author: Mancisidor, José, 1894-1956
Format: Book
Language:Spanish
Published: México : Ediciones El Gusano de Luz, 1958.
Edition:1. ed.
Subjects:

MARC

Tag First Indicator Second Indicator Subfields
LEADER 00000cam a2200000Ii 4500
001 in00001635539
005 20151023085930.0
008 780104s1958 mx af 000 0 spa d
035 |a (OCoLC)ocm03528734 
040 |a EYM  |c EYM  |d EL$  |d OCL  |d TXA  |d UtOrBLW 
043 |a n-mx--- 
049 |a TXAM 
090 |a F1234  |b .M259 1958 
100 1 |a Mancisidor, José,  |d 1894-1956. 
245 1 0 |a Historia de la Revolución mexicana /  |c Jose Mancisidor. 
250 |a 1. ed. 
264 1 |a México :  |b Ediciones El Gusano de Luz,  |c 1958. 
300 |a 293 pages, 17 unnumbered leaves of plates :  |b illustrations ;  |c 23 cm. 
336 |a text  |b txt  |2 rdacontent 
337 |a unmediated  |b n  |2 rdamedia 
338 |a volume  |b nc  |2 rdacarrier 
504 |a Includes bibliographical references. 
651 0 |a Mexico  |x History  |y 1910-1946. 
948 |a cataloged  |b h  |c 2001/10/25  |d c  |e jgreene  |f 2:43:45 pm 
994 |a E0  |b TXA 
999 |a MARS 
999 f f |s 83786970-033e-363a-bcb8-24a8a043ec85  |i 9273ff4e-bf26-3057-b71c-8403e34cf128  |t 0 
952 f f |p ric  |a Texas A&M University  |b Rellis Campus  |c Joint Library Facility  |d Remote Storage  |t 0  |e F1234 .M259 1958  |h Library of Congress classification  |i unmediated -- volume  |m A14828232270 
998 f f |a F1234 .M259 1958  |t 0  |l Remote Storage